| 000 | 00809nam a22002177a 4500 | ||
|---|---|---|---|
| 999 |
_c15703 _d15703 |
||
| 003 | AR-CdUCM | ||
| 008 | 190429b ||||| |||| 00| 0 spa d | ||
| 040 |
_aMUNICIPALIDAD PROVINCIAL DEL CUSCO _cBIBLIOTECA MUNICIPAL DEL CUSCO |
||
| 082 |
_22 ed. _a311 / _bK41 |
||
| 100 |
_aKennedy, John B. _934871 |
||
| 245 | _aEstadística para ciencias e ingeniería / | ||
| 260 |
_aMéxico : _bHarper y Row Latinoamericana / _c1817. |
||
| 300 |
_a468 paginas ; _c22 cm. |
||
| 505 | _aContenido :Distribución de frecuencias --Características de las distribuciones :Tendencia Central --Características de las distribuciones ... | ||
| 650 |
_aAritmetica _918940 |
||
| 650 |
_aCiencia _92098 |
||
| 650 |
_aEstadística _95668 |
||
| 700 |
_aAdam M,Neville _934872 |
||
| 942 |
_2ddc _cLIBROS |
||
| 945 |
_arjall _d2019-04-29 |
||